000 00287nam a2200121Ia 4500
008 190216s9999||||xx |||||||||||||| ||und||
100 _aRamachandran Nair N
245 2 _aA Spectrum Of Poems
260 _bBook Hive Pub
_c1987
300 _a145p
650 _aEnglish Poetry
942 _cBK
999 _c13523
_d13523